The cambodian dancer: (Record no. 8649)

MARC details
000 -LEADER
fixed length control field 01172nam a22002417a 4500
001 - CONTROL NUMBER
control field 8649
003 - CONTROL NUMBER IDENTIFIER
control field FISKH
005 - DATE AND TIME OF LATEST TRANSACTION
control field 20251022092018.0
008 - FIXED-LENGTH DATA ELEMENTS--GENERAL INFORMATION
fixed length control field 251008b cb ||||| |||| 00| 0 eng d
020 ## - INTERNATIONAL STANDARD BOOK NUMBER
International Standard Book Number 9780804845168
040 ## - CATALOGING SOURCE
Original cataloging agency FISKH
Language of cataloging eng
Transcribing agency FISKH
Modifying agency FISKH
082 ## - DEWEY DECIMAL CLASSIFICATION NUMBER
Classification number 305.9069
100 ## - MAIN ENTRY--PERSONAL NAME
Personal name Reicherter, Daryn
245 ## - TITLE STATEMENT
Title The cambodian dancer:
Remainder of title Sophany’s gift of hope /
Statement of responsibility, etc. by Daryn Reicherter; illustrated by Christy Hale
260 ## - PUBLICATION, DISTRIBUTION, ETC.
Place of publication, distribution, etc. Tokyo :
Name of publisher, distributor, etc. Turtle,
Date of publication, distribution, etc. 2015.
300 ## - PHYSICAL DESCRIPTION
Extent 32 pages :
Other physical details color illustrations ;
Dimensions 29 cm
520 ## - SUMMARY, ETC.
Summary, etc. This is the true story of a Cambodian refugee—a dancer and teacher—who built a life in the US after fleeing the Khmer Rouge. She became a counselor to other Cambodian refugees and created a school of dance for children. Her gift of hope was to teach children in the Cambodian community the traditional dances of Cambodia so that young people growing up far away from the land of their ancestors would know about their culture.
650 ## - SUBJECT ADDED ENTRY--TOPICAL TERM
Source of heading or term Cambodia
Topical term or geographic name entry element Refugees
Form subdivision Traditional dance
650 ## - SUBJECT ADDED ENTRY--TOPICAL TERM
Topical term or geographic name entry element Hope and healing
Form subdivision Biography
General subdivision Culture
700 ## - ADDED ENTRY--PERSONAL NAME
Personal name Hale, Christy
Relator term illustrator
942 ## - ADDED ENTRY ELEMENTS (KOHA)
Source of classification or shelving scheme Dewey Decimal Classification
Koha item type Books
Suppress in OPAC No
Holdings
Withdrawn status Lost status Source of classification or shelving scheme Damaged status Not for loan Collection Home library Current library Shelving location Date acquired Total Checkouts Full call number Barcode Date last seen Copy number Price effective from Koha item type
    Dewey Decimal Classification     Non-Fiction Footprints International School Library Network Toul Kork Campus Footprints International School Library Network Toul Kork Campus Librarian's Shelf TK 10/08/2025   REI 305.9069 PZ7 FISTKG4A004 10/08/2025 1 10/08/2025 Books
    Dewey Decimal Classification     Non-Fiction Footprints International School Library Network Toul Tom Poung Campus Footprints International School Library Network Toul Tom Poung Campus Librarian's Shelf TTP 10/22/2025   REI 305.9069 PZ7 FISTKG3B058 10/22/2025 2 10/22/2025 Books
    Dewey Decimal Classification     Non-Fiction Footprints International School Library Network Toul Tom Poung Campus Footprints International School Library Network Toul Tom Poung Campus Librarian's Shelf TTP 10/22/2025   REI 305.9069 PZ7 2025-4696 10/22/2025 3 10/22/2025 Books
    Dewey Decimal Classification     Non-Fiction Footprints International School Library Network Toul Tom Poung Campus Footprints International School Library Network Toul Tom Poung Campus Librarian's Shelf TTP 10/22/2025   REI 305.9069 PZ7 2025-4697 10/22/2025 4 10/22/2025 Books